[Event "Julius Baer Gen Cup Pl/In"]
[Site "chess.com INT"]
[Date "2024.09.25"]
[Round "4"]
[White "Nesterov, Arseniy"]
[Black "Bluebaum, M."]
[Result "1-0"]
[WhiteElo "2601"]
[BlackElo "2640"]
[PlyCount "119"]
[EventDate "2024.09.25"]

1. d4 d5 2. c4 e6 3. Nc3 Bb4 4. a3 Bxc3+ 5. bxc3 Nf6 6. cxd5 exd5 7. e3 Bf5 8. f3 ({RR} 8. Ne2 h5 9. f3 h4 10. Ra2 Nc6 11. Nf4 g5 12. Nd3 Qd6 13. Qb3 O-O-O 14. Nc5 Na5 15. Qa4 b6 16. Rb2 Rde8 17. Ba6+ Kd8 18. Qxa5 bxa5 19. Nb7+ Kd7 20. Nxd6 Kxd6 21. O-O Bg6 22. c4 Rb8 {Le,Q (2731)-Wei Yi (2753) Hong Kong HKG 2026 1-0 (58)}) 8... O-O $146 ({RR} 8... h5 9. Bd3 Bxd3 10. Qxd3 O-O 11. Ne2 Re8 12. O-O Nbd7 13. Ng3 h4 14. Nf5 h3 15. g4 Nf8 16. Bb2 c6 17. Rae1 Ng6 18. Ng3 Nh4 19. Re2 Qd7 20. Bc1 Re7 21. g5 Nh7 22. e4 Rae8 23. e5 {Ebrahimi Herab,H (2418)-Oro,F (2423) chess.com INT 2025 1-0 (38)}) ({RR} 8... h5 9. Ne2 c5 10. Ng3 Bg6 11. Bd3 h4 12. Ne2 Bxd3 13. Qxd3 Nc6 14. O-O Qe7 15. Bb2 h3 16. g4 O-O-O 17. Ng3 g6 18. a4 c4 19. Qd2 Na5 20. Ba3 Qe6 21. Rae1 Nb3 22. Qc2 Rhe8 23. Qd1 {Lazavik,D (2621)-Xiong,J (2656) chess.com INT 2026 1-0 (44)}) ({RR} 8... Nc6 9. Ne2 O-O 10. g4 Nxg4 11. Ng3 Qh4 12. fxg4 Be4 13. Rg1 Qxh2 14. Nxe4 Qxg1 15. Nf2 Qg3 16. Bd3 Ne7 17. Qc2 g6 18. Qb3 Rad8 19. Bd2 f5 20. g5 Rde8 21. Kf1 Qxg5 22. Qxb7 Qg3 23. c4 {Salem,A (2627)-Bluebaum,M (2660) chess.com INT 2025 ½-½ (58)}) 9. g4 Nxg4 10. Ne2 Qh4+ 11. Ng3 Nxh2 12. Kf2 Nd7 13. Bg2 Nf6 14. Rxh2 Qxh2 15. Nxf5 Qh5 16. Ng3 Qg6 17. Bd2 h5 18. Qb1 h4 19. Nf5 Qg5 20. Qd3 Nh5 21. Bh3 g6 22. Rg1 Qf6 23. e4 dxe4 24. fxe4 Kh7 25. e5 Qb6 26. Rg5 Kh8 27. Rxh5+ gxh5 28. Bg5 f6 29. Qe2 Rf7 30. e6 fxg5 31. exf7 Qg6 32. Qe5+ Kh7 33. Qe7 Rf8 34. Qxf8 g4 35. Qg8+ Qxg8 36. fxg8=Q+ Kxg8 37. Bg2 b6 38. Nxh4 Kf7 39. Kg3 Ke6 40. Kf4 c5 41. Nf5 cxd4 42. cxd4 b5 43. Ng7+ Kd6 44. Nxh5 a5 45. Kxg4 b4 46. axb4 a4 47. Nf4 a3 48. Bd5 Kc7 49. Ba2 Kc6 50. Kf5 Kb5 51. Nd3 Ka4 52. Ke5 Kb5 53. Kd6 Ka4 54. Kc7 Kb5 55. d5 Ka4 56. d6 Kb5 57. d7 Ka4 58. d8=Q Kb5 59. Qd5+ Ka6 60. Qa5# 1-0

[Event "Julius Baer Play-In 2023"]
[Site "chess.com INT"]
[Date "2023.07.24"]
[Round "5.8"]
[White "Gledura, B."]
[Black "Xiong, Jeffery"]
[Result "1/2-1/2"]
[WhiteElo "2645"]
[BlackElo "2693"]
[PlyCount "50"]
[EventDate "2023.07.24"]

1. c4 e6 2. d4 Nf6 3. Nc3 d5 4. cxd5 exd5 5. Bf4 Bd6 6. Bxd6 Qxd6 7. e3 c6 8. Bd3 O-O 9. h3 Re8 10. Qc2 ({RR} 10. Nf3 Nbd7 11. Qc2 Qe7 12. O-O Ne4 13. b4 Ndf6 14. b5 c5 15. dxc5 Nxc5 16. Rac1 Nxd3 17. Qxd3 Be6 18. Nd4 Rac8 19. Nce2 Bd7 20. Nf4 h6 21. Qb3 Qd6 22. Rfd1 Red8 23. Nde2 Be6 24. Nd4 Bd7 {Sarana,A (2668)-Duda,J (2729) Almaty KAZ 2022 ½-½}) 10... a5 11. Nf3 Nbd7 12. O-O b5 $146 ({RR} 12... Nf8 13. Ne5 N6d7 14. f4 f6 15. Ng4 h5 16. Bg6 hxg4 17. Bxe8 gxh3 18. Rf3 Nb6 19. Rg3 Qe7 20. Bg6 Nc4 21. Re1 Nd6 22. gxh3 Nxg6 23. Qxg6 Nf5 24. e4 Nxg3 25. Qxg3 dxe4 26. Nxe4 Bf5 27. Nc3 {Sarana,A (2685)-Indjic,A (2601) chess.com INT 2023 1-0 (69)}) ({RR} 12... Nf8 13. Na4 Rb8 14. Qc5 Qxc5 15. Nxc5 N8d7 16. Rac1 g6 17. Nd2 Nxc5 18. Rxc5 Ra8 19. a4 Bf5 20. Bxf5 gxf5 21. Nb3 Ra6 22. Nxa5 Rb8 23. b4 Ne4 24. Rc2 Kf8 25. Ra1 Rb6 26. b5 cxb5 27. axb5 {Ganiev,A (2371)-Nguyen Ngoc Truong Son (2600) chess.com INT 2026 0-1 (85)}) 13. e4 dxe4 14. Nxe4 Qd5 15. Rfe1 Bb7 16. a4 h6 17. Nxf6+ Nxf6 18. Re5 Qd6 19. axb5 cxb5 20. Bxb5 Red8 21. Be2 Bd5 22. Re3 Rdb8 23. Ne5 Qb4 24. Bc4 Qxb2 25. Qxb2 Rxb2 1/2-1/2

[Event "TCh-ESP Div Honor 2024"]
[Site "Melilla ESP"]
[Date "2024.10.14"]
[Round "3.19"]
[White "Aravindh, Chithambaram VR."]
[Black "Fedoseev, Vl3"]
[Result "1/2-1/2"]
[WhiteElo "2698"]
[BlackElo "2698"]
[PlyCount "56"]
[EventDate "2024.10.12"]
[WhiteTeam "C.A. SOLVAY"]
[BlackTeam "DUOBENIAJAN COSTA CALIDA"]

1. d4 d5 2. c4 e6 3. Nc3 h6 4. Nf3 Nf6 5. g3 Bd6 6. Bg2 Nc6 7. O-O O-O 8. Qd3 Nb4 9. Qd2 dxc4 10. Ne5 Bxe5 ({RR} 10... c5 11. Nxc4 cxd4 12. Qxd4 Be7 13. Qd1 Nbd5 14. Qb3 Rb8 15. Rd1 Bd7 16. Nxd5 Nxd5 17. e4 Nb6 18. Nxb6 axb6 19. Be3 Bc5 20. Rac1 Qe7 21. Bxc5 bxc5 22. Qb6 Rfc8 23. e5 Be8 24. Rd6 Qc7 25. b3 {Sarana,A (2668)-Ashraf,A (2470) chess.com INT 2026 1-0 (55)}) 11. dxe5 Nfd5 12. Rd1 $146 ({RR} 12. Nxd5 Nxd5 13. Rd1 Bd7 14. Qd4 Bb5 15. Qg4 f5 16. Qg6 Qe8 17. Qxe8 Rfxe8 18. Bxd5 exd5 19. Rxd5 Bc6 20. Rc5 Rad8 21. Be3 Rd5 {½-½ (21) Bodrogi,B (2452)-Foldes,M (2230) Budapest HUN 2025}) 12... Nc6 13. Qe1 Bd7 14. Nxd5 exd5 15. Bxd5 Qe7 16. Qc3 Be6 17. Bxc6 bxc6 18. Be3 a5 19. Bd4 Rfd8 20. Qe3 Rd5 21. Rd2 a4 22. a3 c5 23. Bc3 c6 24. Rad1 Rad8 25. Ba5 Rb8 26. Bc3 Rbd8 27. Ba5 Rb8 28. Bc3 Rbd8 1/2-1/2

[Event "chess.com SpeedChess Q1Sw"]
[Site "chess.com INT"]
[Date "2023.08.21"]
[Round "10"]
[White "Sarana, A."]
[Black "Indjic, A."]
[Result "1-0"]
[WhiteElo "2685"]
[BlackElo "2601"]
[PlyCount "137"]
[EventDate "2023.08.21"]

1. d4 d5 2. c4 e6 3. Nc3 Nf6 4. cxd5 exd5 5. Bf4 c6 6. e3 Bd6 7. Bxd6 Qxd6 8. Bd3 O-O 9. h3 Re8 10. Nf3 Nbd7 11. Qc2 a5 ({RR} 11... Qe7 12. O-O Ne4 13. b4 Ndf6 14. b5 c5 15. dxc5 Nxc5 16. Rac1 Nxd3 17. Qxd3 Be6 18. Nd4 Rac8 19. Nce2 Bd7 20. Nf4 h6 21. Qb3 Qd6 22. Rfd1 Red8 23. Nde2 Be6 24. Nd4 Bd7 25. Nde2 Be6 26. Nd4 {Sarana,A (2668)-Duda,J (2729) Almaty KAZ 2022 ½-½}) 12. O-O Nf8 ({RR} 12... Qe7 13. Rae1 Ne4 14. Nd2 Ndf6 15. Nb3 a4 16. Nd2 a3 17. b3 Bf5 18. Na4 Nxd2 19. Qxd2 Bxd3 20. Qxd3 h6 21. Nc3 Ne4 22. Nxe4 Qxe4 23. Qxe4 Rxe4 24. Rc1 f5 25. g3 Kf7 26. Rc3 g5 27. b4 {Sarana,A (2683)-Yin,E (2098) chess.com INT 2026 1-0 (55)}) 13. Ne5 ({RR} 13. Na4 Rb8 14. Qc5 Qxc5 15. Nxc5 N8d7 16. Rac1 g6 17. Nd2 Nxc5 18. Rxc5 Ra8 19. a4 Bf5 20. Bxf5 gxf5 21. Nb3 Ra6 22. Nxa5 Rb8 23. b4 Ne4 24. Rc2 Kf8 25. Ra1 Rb6 26. b5 cxb5 27. axb5 Rxb5 {Ganiev,A (2371)-Nguyen Ngoc Truong Son (2600) chess.com INT 2026 0-1 (85)}) 13... N6d7 14. f4 $146 ({RR} 14. Nf3 Ng6 15. a3 Nf6 16. Rac1 Ne4 17. Nxe4 dxe4 18. Bxe4 Qf6 19. d5 cxd5 20. Bxd5 Bf5 21. Qc3 Qxc3 22. Rxc3 Rab8 23. Nd4 Ne7 24. Bf3 Be6 25. Nxe6 fxe6 26. Rc7 b5 27. Rd1 b4 28. Ra7 bxa3 {Lymar,V (2135)-Rosen,E (2361) chess.com INT 2023 1-0 (42)}) 14... f6 15. Ng4 h5 16. Bg6 hxg4 17. Bxe8 gxh3 18. Rf3 Nb6 19. Rg3 Qe7 20. Bg6 Nc4 21. Re1 Nd6 22. gxh3 Nxg6 23. Qxg6 Nf5 24. e4 Nxg3 25. Qxg3 dxe4 26. Nxe4 Bf5 27. Nc3 Qd7 28. Rd1 Bxh3 29. d5 Bf5 30. dxc6 Qxc6 31. Nd5 Re8 32. Qc3 Qe6 33. Nc7 Qe3+ 34. Qxe3 Rxe3 35. Kf2 Re4 36. Nd5 Be6 37. Kf3 Rc4 38. Nc3 Kf7 39. Rd6 Rb4 40. b3 Ke7 41. Rd3 Kf7 42. Rd8 Rb6 43. Ra8 Rc6 44. Ne2 b6 45. Ra7+ Kg6 46. Nd4 Bd5+ 47. Ke3 Rc3+ 48. Kd2 Rh3 49. f5+ Kh6 50. Ra6 Be4 51. Ke1 Rd3 52. Nb5 Bxf5 53. Rxb6 Bg4 54. Nd6 Kg5 55. Nc4 a4 56. bxa4 Rd4 57. Nb2 Re4+ 58. Kd2 f5 59. a5 Re5 60. a6 Ra5 61. a4 f4 62. Rb5+ Rxb5 63. axb5 Bc8 64. Nc4 Kg4 65. Nd6 Kg3 66. Nxc8 f3 67. a7 f2 68. Ke2 Kg2 69. a8=Q+ 1-0

[Event "chess.com SpeedChess Q1Sw"]
[Site "chess.com INT"]
[Date "2023.08.21"]
[Round "7"]
[White "Sarana, A."]
[Black "Bartel, Mat"]
[Result "1-0"]
[WhiteElo "2685"]
[BlackElo "2625"]
[PlyCount "169"]
[EventDate "2023.08.21"]

1. d4 d5 2. c4 e6 3. Nc3 Nf6 4. cxd5 exd5 5. Bf4 Bd6 6. Bxd6 Qxd6 7. e3 c6 8. Bd3 Nbd7 ({RR} 8... g6 9. Nge2 Nbd7 10. Qd2 Nb6 11. f3 Be6 12. e4 Qe7 13. O-O O-O 14. Qg5 Rae8 15. e5 Nh5 16. Qxe7 Rxe7 17. a4 a6 18. b4 Ng7 19. b5 Bf5 20. Bxf5 Nxf5 21. f4 axb5 22. axb5 h5 23. bxc6 {Jobava,B (2713)-Harika,D (2531) Malmo 2017 ½-½ (40)}) 9. Nf3 Nf8 $146 ({RR} 9... O-O 10. O-O a6 11. Qc2 g6 12. Rab1 Re8 13. b4 b5 14. e4 dxe4 15. Nxe4 Nxe4 16. Bxe4 Bb7 17. Rfe1 Nf6 18. Bd3 Rxe1+ 19. Nxe1 Re8 20. Nf3 Nd5 21. a3 Nf4 22. Bf1 h5 23. Rd1 Bc8 24. Ne5 {Lymar,V (2135)-Villarreal,A (2278) chess.com INT 2023 1-0 (60)}) ({RR} 9... O-O 10. Qc2 Re8 11. O-O Qe7 12. h3 Ne4 13. b4 Qxb4 14. Nxe4 dxe4 15. Bxe4 Nf6 16. Bd3 Qd6 17. Rab1 h6 18. Rfc1 Nd5 19. Qc5 Qxc5 20. Rxc5 Re7 21. Ne5 Be6 22. Bc4 Nb6 23. Bxe6 Rxe6 24. Ra5 {Sarana,A (2664)-Ambartsumova,K (2385) chess.com INT 2026 1-0 (89)}) 10. Ne5 N6d7 11. f4 g6 12. O-O f6 13. Nf3 f5 14. Ne5 Nf6 15. Kh1 Be6 16. Rb1 N8d7 17. b4 O-O 18. Na4 b6 19. Qc2 Rac8 20. Rfc1 Nb8 21. a3 Ng4 22. Qd2 Qe7 23. h3 Nxe5 24. dxe5 Rfd8 25. Be2 c5 26. bxc5 bxc5 27. Rb5 c4 28. Bf3 Qxa3 29. Nc3 Nc6 30. Bxd5 Kh8 31. Qe1 Bxd5 32. Rxd5 Nb4 33. Ra1 Qb2 34. Rb5 a5 35. Raxa5 Nd3 36. Rxb2 Nxe1 37. Rb1 Nd3 38. Ra7 Nc5 39. Rb4 Ne6 40. Rbb7 Nf8 41. Rc7 Rxc7 42. Rxc7 Rd3 43. Rxc4 Rxe3 44. Nd5 Re1+ 45. Kh2 Kg7 46. Rc7+ Kh6 47. Nf6 g5 48. g3 gxf4 49. gxf4 Ne6 50. Rxh7+ Kg6 51. Rh4 Re2+ 52. Kg3 Re3+ 53. Kf2 Ra3 54. Nd5 Kf7 55. Rh6 Nc5 56. Rf6+ Kg7 57. Rxf5 Rxh3 58. Nf6 Kg6 59. Rg5+ Kf7 60. Kg2 Ra3 61. Rh5 Ne6 62. Rh4 Kg6 63. Nd5 Kf5 64. Ne7+ Ke4 65. Ng6 Ra2+ 66. Kg3 Kf5 67. Ne7+ Ke4 68. Rg4 Nd4 69. Kh4 Ra7 70. Ng6 Nf3+ 71. Kg3 Nd4 72. Nh4 Ra3+ 73. Kg2 Ra2+ 74. Kh3 Ne2 75. Ng6 Nd4 76. Kh4 Ra7 77. Kg5 Nf3+ 78. Kf6 Ra6+ 79. e6 Nd4 80. f5+ Kd5 81. Ne7+ Kc5 82. Re4 Nb5 83. Re5+ Kb4 84. Nd5+ Kc5 85. Nc7+ 1-0

[Event "6th Sharjah Masters 2023"]
[Site "Sharjah UAE"]
[Date "2023.05.18"]
[Round "2.13"]
[White "Sjugirov, S."]
[Black "Murzin, Volodar"]
[Result "1/2-1/2"]
[WhiteElo "2712"]
[BlackElo "2604"]
[PlyCount "182"]
[EventDate "2023.05.17"]

1. d4 d5 2. c4 c6 3. Nc3 Nf6 4. e3 e6 5. Bd3 Nbd7 6. cxd5 exd5 7. Nge2 Bd6 8. f3 c5 9. O-O ({RR} 9. Nf4 O-O 10. O-O Bxf4 11. exf4 cxd4 12. Nb5 Qb6 13. a4 Nc5 14. a5 Qa6 15. Nc7 Qxd3 16. Qxd3 Nxd3 17. Nxa8 Bd7 18. Nc7 Rc8 19. Ra3 Nb4 20. Rb3 Nc6 21. Rxb7 Nxa5 22. Rxa7 Nc6 23. Ra8 Rxa8 {Holt,C (2532)-Gorovets,A (2427) chess.com INT 2026 1-0 (52)}) 9... O-O 10. g4 $146 ({RR} 10. Nf4 Nb6 11. a4 a6 12. dxc5 Bxc5 13. a5 Qd6 14. Kh1 Nbd7 15. Nfxd5 Nxd5 16. Nxd5 Ne5 17. Bb1 Be6 18. Qc2 Ng6 19. Nf4 Rac8 20. Nxe6 fxe6 21. Qe4 Rc6 22. Bc2 Rd8 23. Bd2 Qe5 24. Bc3 Qxe4 {Domogaev,S (2400)-Yagupov,I (2395) Olomouc 2017 1-0 (54)}) 10... h6 11. Kh1 Re8 12. Rg1 Nf8 13. Nb5 Ne6 14. Nxd6 Qxd6 15. Bd2 Bd7 16. h4 cxd4 17. exd4 Nh7 18. Be1 Qb6 19. a4 a5 20. Qd2 Nhf8 21. Bg3 Qb4 22. Qxb4 axb4 23. b3 Nd8 24. Bf2 Nc6 25. Kg2 Na5 26. Rab1 f5 27. g5 hxg5 28. hxg5 Ng6 29. Kg3 Rac8 30. Rgd1 Kf7 31. Be1 Nc6 32. Bb5 Rh8 33. Bd2 f4+ 34. Nxf4 Bf5 35. Bxc6 Rxc6 36. Nxg6 Kxg6 37. Rbc1 Rc2 38. Rxc2 Bxc2 39. Re1 Bxb3 40. a5 Bc4 41. Re6+ Kh5 42. Re7 b3 43. Rxb7 Re8 44. a6 Bxa6 45. Rxb3 Bc8 46. Rb8 Kg6 47. Bf4 Kf5 48. Ra8 Bd7 49. Ra7 Re7 50. Ra5 Be6 51. Ra8 Bf7 52. Rd8 Rb7 53. Rf8 Re7 54. Ra8 Rb7 55. Ra1 Re7 56. Rc1 Be8 57. Rh1 Bf7 58. Rh7 Kg6 59. Rh4 Kf5 60. Bd6 Rd7 61. Bf4 Re7 62. Be5 Be6 63. Bd6 Re8 64. Bf4 Bf7 65. Rh1 Re7 66. Rb1 Bg6 67. Rb6 Bf7 68. Rd6 Be6 69. Ra6 Bf7 70. Ra8 Be8 71. Rd8 Bf7 72. Be5 Kxg5 73. Bxg7 Re8 74. Rd6 Be6 75. Be5 Kf5 76. Ra6 Rg8+ 77. Kf2 Rc8 78. Ra7 Rc2+ 79. Kg3 Rc8 80. Rh7 Kg6 81. Rh4 Rf8 82. Kf2 Rc8 83. Rh1 Rg8 84. Ke3 Ra8 85. Rg1+ Kf5 86. Rg4 Rg8 87. Rf4+ Kg5 88. Rf6 Rg6 89. Rf8 Rg8 90. Rf6 Rg6 91. f4+ Kh5 1/2-1/2

[Event "Julius Baer Play-In 2023"]
[Site "chess.com INT"]
[Date "2023.07.24"]
[Round "9.10"]
[White "Sarana, A."]
[Black "Kovalenko, I."]
[Result "1-0"]
[WhiteElo "2685"]
[BlackElo "2674"]
[PlyCount "83"]
[EventDate "2023.07.24"]

1. d4 d5 2. c4 e6 3. Nc3 Nf6 4. cxd5 exd5 5. Bf4 c6 6. e3 Bd6 7. Bxd6 Qxd6 8. Bd3 O-O 9. h3 Re8 10. Nf3 ({RR} 10. Qc2 a5 11. Nf3 Nbd7 12. O-O Qe7 13. Rae1 Ne4 14. Nd2 Ndf6 15. Nb3 a4 16. Nd2 a3 17. b3 Bf5 18. Na4 Nxd2 19. Qxd2 Bxd3 20. Qxd3 h6 21. Nc3 Ne4 22. Nxe4 Qxe4 23. Qxe4 Rxe4 24. Rc1 f5 {Sarana,A (2683)-Yin,E (2098) chess.com INT 2026 1-0 (55)}) 10... b6 $146 ({RR} 10... Nbd7 11. Qc2 Qe7 12. O-O Ne4 13. b4 Ndf6 14. b5 c5 15. dxc5 Nxc5 16. Rac1 Nxd3 17. Qxd3 Be6 18. Nd4 Rac8 19. Nce2 Bd7 20. Nf4 h6 21. Qb3 Qd6 22. Rfd1 Red8 23. Nde2 Be6 24. Nd4 Bd7 25. Nde2 {Sarana,A (2668)-Duda,J (2729) Almaty KAZ 2022 ½-½}) ({RR} 10... Nbd7 11. Qc2 a5 12. O-O Nf8 13. Na4 Rb8 14. Qc5 Qxc5 15. Nxc5 N8d7 16. Rac1 g6 17. Nd2 Nxc5 18. Rxc5 Ra8 19. a4 Bf5 20. Bxf5 gxf5 21. Nb3 Ra6 22. Nxa5 Rb8 23. b4 Ne4 24. Rc2 Kf8 25. Ra1 {Ganiev,A (2371)-Nguyen Ngoc Truong Son (2600) chess.com INT 2026 0-1 (85)}) 11. O-O Ba6 12. Bxa6 Nxa6 13. Rc1 Nc7 14. Qa4 Ne6 15. Rfd1 Rec8 16. Qa6 Nc7 17. Qd3 Ne6 18. Rc2 g6 19. Rdc1 a6 20. Na4 c5 21. dxc5 bxc5 22. Rd1 Rd8 23. Rcd2 Qc6 24. Nc3 Qb7 25. Qc2 Rab8 26. Qa4 Kg7 27. b3 Rbc8 28. Ne2 Ne4 29. Rc2 Qb5 30. Qa3 a5 31. Qb2+ f6 32. Qa3 Rc7 33. Ned4 Nxd4 34. Nxd4 Qb6 35. Ne2 Kf7 36. Qc1 Rdd7 37. h4 d4 38. exd4 cxd4 39. Rxc7 Rxc7 40. Qf4 Nc3 41. Nxc3 dxc3 42. Rd6 1-0

[Event "Julius Baer Gen Cup D1 L"]
[Site "chess.com INT"]
[Date "2024.09.28"]
[Round "1.1"]
[White "Erigaisi, Arjun"]
[Black "Fedoseev, Vl3"]
[Result "0-1"]
[WhiteElo "2778"]
[BlackElo "2692"]
[PlyCount "112"]
[EventDate "2024.09.28"]
[EventType "k.o."]

1. d4 d5 2. c4 e6 3. Nc3 dxc4 4. e4 c5 5. d5 exd5 6. Nxd5 Nf6 7. Bxc4 Nxd5 8. Bxd5 Be7 9. Ne2 O-O 10. O-O Nd7 ({RR} 10... Na6 11. Bf4 Qb6 12. Be5 Nb4 13. Nf4 Bf6 14. Bxf6 Qxf6 15. Qd2 Nxd5 16. Nxd5 Qh4 17. Qf4 Qxf4 18. Nxf4 Be6 19. Rfd1 Rad8 20. h4 g6 21. f3 b6 22. Kf2 Kg7 23. g4 h6 24. g5 Bc4 25. b3 {Navara,D (2674)-Fedoseev,V (2687) Polanica Zdroj POL 2024 ½-½ (50)}) 11. Nc3 Nb6 ({RR} 11... Nf6 12. Bc4 Be6 13. Bxe6 fxe6 14. Qe2 Qd7 15. Bg5 Qc6 16. Rad1 Rad8 17. Qc4 h6 18. Bh4 Rfe8 19. a4 a6 20. Bg3 b5 21. axb5 axb5 22. Nxb5 Qxe4 23. Qc1 Nd5 24. Rfe1 Qa4 25. Nc7 Nxc7 26. Bxc7 {Blohberger,F (2513)-Morkunas,G (2324) Batumi 2025 ½-½ (33)}) 12. Qf3 $146 ({RR} 12. Bf4 Qd7 13. Rc1 Bf6 14. e5 Bd8 15. Be4 Qxd1 16. Rfxd1 Re8 17. Nb5 g5 18. Nd6 Re6 19. Bg3 Be7 20. Bf5 c4 21. b3 Rxd6 22. exd6 Bxd6 23. Bxc8 Bxg3 24. Rd8+ {1-0 (24) Hort,V (2545)-Kamber,B (2340) Bern 1993}) 12... Bd6 13. Rd1 Nxd5 14. Nxd5 Qh4 15. Nf6+ Qxf6 16. Qxf6 gxf6 17. Rxd6 Be6 18. Be3 b6 19. a4 Rfd8 20. Rad1 Rxd6 21. Rxd6 Kf8 22. a5 Ke7 23. Rd1 Rc8 24. f3 Bb3 25. Ra1 b5 26. a6 Kd6 27. Kf2 Kc6 28. Rc1 c4 29. Bxa7 Ra8 30. Bd4 Rxa6 31. Bxf6 b4 32. g4 Kb5 33. g5 Ba2 34. Ke3 Ka4 35. f4 Kb3 36. f5 Rxf6 37. gxf6 Kxb2 38. Rg1 c3 39. e5 c2 40. e6 Bb3 41. Kd2 Bc4 42. Ke3 Bb3 43. Kd4 fxe6 44. Kc5 exf5 45. Kxb4 f4 46. Rg2 Bd5 47. Rf2 Kb1 48. Rf1+ c1=Q 49. Rxc1+ Kxc1 50. Kc5 f3 51. Kxd5 f2 52. Ke6 f1=Q 53. f7 Kd2 54. Ke7 Qe2+ 55. Kf6 Qxh2 56. Kg7 Qf4 0-1

[Event "Julius Baer Gen Cup D1 W"]
[Site "chess.com INT"]
[Date "2024.09.27"]
[Round "1.4"]
[White "Erigaisi, Arjun"]
[Black "Grischuk, A."]
[Result "0-1"]
[WhiteElo "2778"]
[BlackElo "2689"]
[PlyCount "112"]
[EventDate "2024.09.27"]
[EventType "k.o."]

1. d4 d5 2. c4 e6 3. Nc3 Be7 4. cxd5 exd5 5. Bf4 Nf6 6. e3 Bf5 7. Nge2 O-O 8. Ng3 Bg6 9. h4 h6 10. h5 Bh7 11. Bd3 Bxd3 ({RR} 11... c6 12. Bxh7+ Nxh7 13. Nf5 Nd7 14. g4 Re8 15. Qc2 b5 16. Ne2 Rc8 17. Bd6 Bf8 18. Bxf8 Ndxf8 19. f3 a5 20. O-O-O Ne6 21. Kb1 Nhg5 22. Rhf1 b4 23. Nc1 c5 24. dxc5 Nxc5 25. Qd2 Qc7 26. Qxd5 {Nepomniachtchi,I (2751)-Nakamura,H (2793) Zuerich 2017 ½-½ (42)}) 12. Qxd3 Bd6 $146 ({RR} 12... c5 13. O-O-O cxd4 14. exd4 Bd6 15. Bxd6 Qxd6 16. Qf3 Ne4 17. Ngxe4 dxe4 18. Nxe4 Qc6+ 19. Kb1 Nd7 20. d5 Qb6 21. Qf5 Rae8 22. Rhe1 Ne5 23. Re3 Nc4 24. Rb3 Qa6 25. d6 Re5 26. Nf6+ gxf6 27. Rg3+ {Chekhov,V (2480)-Zaitsev,I (2395) Moscow 1988 1-0}) 13. Bxd6 Qxd6 14. Nf5 Qe6 15. f3 Nc6 16. g4 Ne7 17. O-O-O Rfe8 18. e4 dxe4 19. fxe4 Rad8 20. Qf3 Nh7 21. Qf4 c6 22. Rhe1 Ng5 23. d5 cxd5 24. exd5 Qd7 25. Rxe7 Rxe7 26. Qd4 f6 27. Nxe7+ Qxe7 28. d6 Qd7 29. Qxa7 Nf7 30. Kb1 Nxd6 31. Qc5 Qe6 32. a4 Kh7 33. Qb6 Rd7 34. a5 Kh8 35. Rd4 f5 36. gxf5 Qxf5+ 37. Ka2 Nc8 38. Qb5 Qxb5 39. Nxb5 Rxd4 40. Nxd4 g6 41. Kb3 gxh5 42. Kc4 Kg7 43. b4 Kf6 44. Kd5 h4 45. b5 h3 46. Nf3 Ke7 47. Kc5 Kd7 48. a6 b6+ 49. Kc4 Kc7 50. Kb4 Nd6 51. Nh2 h5 52. Ka4 Ne4 53. Kb4 Nf6 54. Nf3 Ng4 55. Nd4 h2 56. Ne6+ Kb8 0-1

[Event "Julius Baer Gen Cup D1 W"]
[Site "chess.com INT"]
[Date "2024.09.27"]
[Round "1.3"]
[White "Firouzja, Alireza"]
[Black "Fedoseev, Vl3"]
[Result "0-1"]
[WhiteElo "2767"]
[BlackElo "2692"]
[PlyCount "104"]
[EventDate "2024.09.27"]
[EventType "k.o."]

1. d4 d5 2. c4 e6 3. Nc3 dxc4 4. e3 a6 5. Bxc4 b5 6. Be2 Nf6 7. Bf3 Ra7 8. Nge2 ({RR} 8. a4 b4 9. Ne4 Be7 10. Ne2 O-O 11. O-O Nbd7 12. b3 c5 13. Bb2 Nxe4 14. Bxe4 Rc7 15. Rc1 h6 16. Bb1 Bb7 17. Qc2 Nf6 18. Ng3 Rc8 19. Nh5 Ne4 20. Qd1 Qd5 21. Nf4 Qg5 22. Nh3 Qh4 {Mamedyarov,S (2746)-Cheparinov,I (2625) Samarkand UZB 2025 ½-½}) 8... Bb7 $146 ({RR} 8... c5 9. O-O Bb7 10. Nf4 Nbd7 11. Bxb7 Rxb7 12. Qf3 Qc8 13. Rd1 cxd4 14. exd4 Bd6 15. d5 Ne5 16. Qh3 b4 17. Nce2 Neg4 18. dxe6 Bc5 19. Nd3 O-O 20. Bf4 fxe6 21. Rac1 Nxf2 22. Nxf2 Ne4 23. Rxc5 {Danielian,E (2390)-Badelka,O (2392) Batumi GEO 2026 0-1 (36)}) 9. Ng3 c5 10. O-O Nbd7 11. Bxb7 Rxb7 12. Qf3 Qc8 13. Bd2 Be7 14. Rfc1 O-O 15. dxc5 Ne5 16. Qe2 Qxc5 17. a4 Qc4 18. axb5 axb5 19. Nd1 Qxe2 20. Nxe2 Ne4 21. Ba5 Nc5 22. Nd4 b4 23. Kf1 Ra8 24. f4 Ned3 25. Rcb1 Bf6 26. Bxb4 Rd8 27. Bc3 Bxd4 28. exd4 Nb3 29. Ra3 Nxf4 30. Ne3 h5 31. Rd1 h4 32. g3 hxg3 33. hxg3 Nh5 34. g4 Nf6 35. Ke2 Rb5 36. Kd3 Rdb8 37. Kc2 Ne4 38. Nc4 f6 39. Re1 f5 40. gxf5 exf5 41. Rg1 g5 42. Rh1 f4 43. Ra6 f3 44. Re6 Nxc3 45. bxc3 Rc8 46. Kd3 Rd5 47. Nd6 Nc5+ 48. Kc4 Rxd6 49. Rxd6 Ne4+ 50. Kd5 Nxd6 51. Kxd6 f2 52. Rf1 Rf8 0-1

[Event "Titled Tue 19th Mar Late"]
[Site "chess.com INT"]
[Date "2024.03.19"]
[Round "9"]
[White "Hakobyan, Aram"]
[Black "Caruana, F."]
[Result "0-1"]
[WhiteElo "2619"]
[BlackElo "2804"]
[PlyCount "128"]
[EventDate "2024.03.19"]

1. d4 Nf6 2. c4 e6 3. Nf3 d5 4. e3 a6 5. cxd5 exd5 6. Nc3 Bd6 7. Bd3 O-O 8. O-O Re8 9. h3 Nbd7 ({RR} 9... b6 10. b3 Bb7 11. Bb2 Nbd7 12. Rc1 Qe7 13. Qe2 Ne4 14. Nd2 f5 15. Nf3 Rf8 16. Rfe1 Rf6 17. Qf1 Rh6 18. Ne2 g5 19. Bxe4 fxe4 20. Ne5 Nxe5 21. dxe5 Bxe5 22. Bxe5 Qxe5 23. b4 Rf8 24. Ng3 {Nakamura,H (2778)-Morozevich,A (2770) Biel 2012 1-0 (61)}) 10. Qc2 Nf8 11. Bd2 c6 $146 ({RR} 11... Ng6 12. Ng5 c6 13. Rae1 Bd7 14. f4 Rc8 15. e4 dxe4 16. Bc4 Nd5 17. f5 Nf8 18. Ngxe4 Bb8 19. Bxd5 cxd5 20. Nc5 Rxe1 21. Bxe1 Qc7 22. g4 Bc6 23. Qg2 b6 24. Nd3 Re8 25. Bd2 Qd8 26. Bf4 {Hakobyan,A (2619)-Alekseenko,K (2650) chess.com INT 2024 ½-½ (81)}) 12. Rfe1 h6 13. Re2 Bd7 14. Rae1 Rc8 15. e4 dxe4 16. Nxe4 Nxe4 17. Bxe4 Be6 18. Bc3 Nd7 19. Bh7+ Kh8 20. Bf5 Nf8 21. d5 cxd5 22. Qd2 Kg8 23. Qd4 Qf6 24. Qxf6 gxf6 25. Bd3 Nd7 26. Nd4 Be5 27. f4 Bxf4 28. Nxe6 fxe6 29. Rxe6 Rxe6 30. Rxe6 Be5 31. Bf5 Bxc3 32. bxc3 Rxc3 33. Rd6 Ne5 34. Rxd5 Kf7 35. Rd6 Rc6 36. Rd8 b5 37. Rh8 a5 38. Rxh6 Rb6 39. Rh7+ Kg8 40. Ra7 a4 41. h4 Nc6 42. Rd7 Ne5 43. Ra7 Nc6 44. Rd7 Ne5 45. Rc7 b4 46. h5 Nf7 47. Bd3 Ne5 48. Be4 Ng4 49. Bd5+ Kf8 50. Ra7 b3 51. axb3 axb3 52. Be4 Rb4 53. Bg6 b2 54. Ra8+ Kg7 55. Bb1 Rc4 56. Ra7+ Kh6 57. Rh7+ Kg5 58. Rg7+ Kh4 59. g3+ Kxg3 60. Kf1 Rc1+ 61. Ke2 Rxb1 62. Rb7 Rh1 63. Rb3+ Kh4 64. Rxb2 Rh2+ 0-1

[Event "Julius Baer Gen Cup D1 W"]
[Site "chess.com INT"]
[Date "2024.09.28"]
[Round "2.3"]
[White "Firouzja, Alireza"]
[Black "Grischuk, A."]
[Result "1-0"]
[WhiteElo "2767"]
[BlackElo "2689"]
[PlyCount "65"]
[EventDate "2024.09.27"]
[EventType "k.o."]

1. d4 d5 2. c4 e6 3. Nc3 Be7 4. cxd5 exd5 5. Bf4 Nf6 6. e3 Bf5 7. h3 ({RR} 7. Nge2 O-O 8. Ng3 Bg6 9. h4 h6 10. h5 Bh7 11. Bd3 c6 12. Bxh7+ Nxh7 13. Nf5 Nd7 14. g4 Re8 15. Qc2 b5 16. Ne2 Rc8 17. Bd6 Bf8 18. Bxf8 Ndxf8 19. f3 a5 20. O-O-O Ne6 21. Kb1 Nhg5 {Nepomniachtchi,I (2751)-Nakamura,H (2793) Zuerich 2017 ½-½ (42)}) 7... Nbd7 8. g4 Bg6 9. g5 $146 ({RR} 9. h4 h6 10. h5 Bh7 11. Bd3 Bxd3 12. Qxd3 c6 13. f3 Nf8 14. Nge2 Ne6 15. Ng3 c5 16. dxc5 d4 17. Nce4 O-O 18. O-O-O Nxe4 19. Nxe4 b6 20. c6 Qd5 21. Kb1 Qxc6 22. Be5 dxe3 23. Qxe3 Rad8 {Kalogridis,A (2409)-Ioannidis,E (2480) Aigio GRE 2025 1-0 (39)}) 9... Ne4 10. Nxd5 Bd6 11. h4 c6 12. Bxd6 Nxd6 13. Nc3 h6 14. Nh3 Qe7 15. Bg2 O-O-O 16. Qg4 hxg5 17. hxg5 Bh5 18. Qg3 Nf5 19. Nd5 Qd6 20. Qxd6 Nxd6 21. Nc3 Bg4 22. f3 Be6 23. Kf2 Rh5 24. Rag1 Kc7 25. Nf4 Rxg5 26. Nxe6+ fxe6 27. Bh3 Rxg1 28. Rxg1 e5 29. Rxg7 exd4 30. exd4 Ne8 31. Rf7 Nd6 32. Rh7 b5 33. Ne4 1-0